000 00754nam a2200253 a 4500
001 53616
003 BD-RjUL
005 20211209080006.0
008 161018s2007 ii ||||| |||| 00| 0 eng d
020 _a9788120324480
035 _a(BD-RjUL) 53738
040 _aBD-RjUL
_beng
_cBD-RjUL
041 _aeng
082 _223
_a620.112
_bSHE 2007
100 1 _aSharma, C. P.
_9160233
245 1 0 _aEngineering materials :
_b properties and applications of metals and alloys /
_cC. P.Sharma,
260 _aNew Delhi :
_bPrentice-Hall of India,
_cc2004[Printing 2007]
300 _axiii, 258 p. :
_bill. ;
_c24 cm
500 _aIncludes Index
650 _aMaterials
_9160234
650 _aAlloys
_9160235
650 _aMetals
_9160236
942 _2ddc
_cBK
999 _c53616
_d53616